Устройство для маркировки рентгеновских снимков; Вестник науки Сибири; № 4 (5)

Bibliographische Detailangaben
Parent link:Вестник науки Сибири: электронный научный журнал/ Томский политехнический университет (ТПУ).— , 2011-.— 2226-0064
№ 4 (5).— 2012.— [С. 124-128]
1. Verfasser: Алхимов Ю. В. Юрий Васильевич
Weitere Verfasser: Ковалев М. К. Михаил Куприянович
Zusammenfassung:Заглавие с титульного листа
Из всего многообразия методов неразрушающего контроля, радиография является одним из самых широко распространенных, а рентгеновская пленка остается основным детектором ионизирующего излучения. На каждом радиографическом снимке должна быть изображена четко видимая маркировка, чаще всего, содержащая большой объем информации. Существующие методы маркировки имеют множество недостатков, поэтому поиск новых способов маркировки является актуальной задачей. Описывается специальное маркирующее устройство, содержащее источник света, при помощи которого на участок снимка проэкспонированного ионизирующим излучением будет наложено световое изображение в виде информации, нанесенной на лист бумаги.
Sprache:Russisch
Veröffentlicht: 2012
Schriftenreihe:Инженерные науки
Schlagworte:
Online-Zugang:http://earchive.tpu.ru/handle/11683/15911
Format: Elektronisch Buchkapitel
KOHA link:https://koha.lib.tpu.ru/cgi-bin/koha/opac-detail.pl?biblionumber=495757

MARC

LEADER 00000naa2a2200000 4500
001 495757
005 20231101100857.0
035 |a (RuTPU)RU\TPU\prd\165422 
035 |a RU\TPU\prd\165418 
090 |a 495757 
100 |a 20130118d2012 k y0rusy50 ca 
101 0 |a rus 
102 |a RU 
135 |a drnn ---uucaa 
181 0 |a i  
182 0 |a b 
200 1 |a Устройство для маркировки рентгеновских снимков  |f Ю. В. Алхимов, М. К. Ковалев 
203 |a Текст  |c электронный 
215 |a 1 файл (947 Кб) 
225 1 |a Инженерные науки 
230 |a Электронные текстовые данные (1 файл : 947 Кб) 
300 |a Заглавие с титульного листа 
320 |a [Библиогр.: с. 128 (4 назв.)] 
330 |a Из всего многообразия методов неразрушающего контроля, радиография является одним из самых широко распространенных, а рентгеновская пленка остается основным детектором ионизирующего излучения. На каждом радиографическом снимке должна быть изображена четко видимая маркировка, чаще всего, содержащая большой объем информации. Существующие методы маркировки имеют множество недостатков, поэтому поиск новых способов маркировки является актуальной задачей. Описывается специальное маркирующее устройство, содержащее источник света, при помощи которого на участок снимка проэкспонированного ионизирующим излучением будет наложено световое изображение в виде информации, нанесенной на лист бумаги. 
337 |a Adobe Reader 
461 1 |0 (RuTPU)RU\TPU\prd\143680  |x 2226-0064  |t Вестник науки Сибири  |o электронный научный журнал  |f Томский политехнический университет (ТПУ)  |d 2011- 
463 1 |0 (RuTPU)RU\TPU\prd\165247  |t № 4 (5)  |v [С. 124-128]  |d 2012 
610 1 |a неразрушающий контроль 
610 1 |a радиография 
610 1 |a рентгеновские пленки 
610 1 |a маркировка 
610 1 |a устройства 
610 1 |a ионизирующее излучение 
610 1 |a труды учёных ТПУ 
610 1 |a электронный ресурс 
675 |a 621.386.84  |v 3 
700 1 |a Алхимов  |b Ю. В.  |c специалист в области неразрушающего контроля  |c доцент Томского политехнического университета, кандидат технических наук  |f 1958-  |g Юрий Васильевич  |2 stltpush  |3 (RuTPU)RU\TPU\pers\26434 
701 1 |a Ковалев  |b М. К.  |g Михаил Куприянович 
801 1 |a RU  |b 63413507  |c 20090623  |g PSBO 
801 2 |a RU  |b 63413507  |c 20180116  |g PSBO 
856 4 |u http://earchive.tpu.ru/handle/11683/15911 
942 |c BK